[Event "HUN-chT2 Erkel 2122"]
[Site "Hungary"]
[Date "2022.01.30"]
[Round "5.11"]
[White "Hangay, Tibor"]
[Black "Csorba, Rudolf"]
[Result "1-0"]
[WhiteElo "1484"]
[BlackElo "1479"]
[PlyCount "91"]
[EventDate "2021.10.10"]
[EventType "team-tourn"]
[EventRounds "9"]
[EventCountry "HUN"]
[SourceTitle "EXT 2025"]
[Source "ChessBase"]
[SourceDate "2024.10.14"]
[SourceVersion "1"]
[SourceVersionDate "2024.10.14"]
[SourceQuality "1"]
[WhiteTeam "HASE"]
[BlackTeam "Fot"]
[WhiteTeamCountry "HUN"]
[BlackTeamCountry "HUN"]

1. e4 e6 2. d4 d5 3. Nc3 c5 4. exd5 exd5 5. dxc5 d4 6. Bb5+ Nc6 7. Qe2+ Be6 8. Ne4 Be7 9. Nf3 Nf6 10. 0-0 0-0 11. Bxc6 bxc6 12. b4 Nxe4 13. Qxe4 Bd5 14. Qxd4 Bxf3 15. Qxd8 Raxd8 16. gxf3 Bf6 17. Rb1 Rfe8 18. Be3 a6 19. Rfd1 g5 20. Rd6 Rxd6 21. cxd6 Rd8 22. Rd1 Rd7 23. c4 h6 24. c5 Be5 25. Bd4 f6 26. Bxe5 fxe5 27. Re1 Kf7 28. Rxe5 Kf8 29. Kg2 Kf7 30. Kg3 Kf6 31. Re8 Kg6 32. Rc8 h5 33. Rxc6 Kf5 34. Rc7 h4+ 35. Kg2 Rd8 36. Re7 Kf6 37. Kh3 Kf5 38. d7 Kf6 39. c6 Kxe7 40. c7 Kxd7 41. cxd8Q+ Kxd8 42. Kg4 Kc7 43. Kxg5 Kb6 44. f4 Kb5 45. f5 Kxb4 46. f6 1-0

[Event "HUN-chT2 Erkel 1819"]
[Site "Hungary"]
[Date "2019.03.31"]
[Round "8.11"]
[White "Magyar, Erik Ferenc"]
[Black "Csorba, Rudolf"]
[Result "1-0"]
[WhiteElo "1522"]
[BlackElo "1547"]
[PlyCount "155"]
[EventDate "2018.10.28"]
[EventType "team-tourn"]
[EventRounds "9"]
[EventCountry "HUN"]
[SourceTitle "EXT 2021"]
[Source "ChessBase"]
[SourceDate "2020.10.23"]
[SourceVersion "1"]
[SourceVersionDate "2020.10.23"]
[SourceQuality "1"]
[WhiteTeam "Varosgazda Akademia"]
[BlackTeam "Fot"]
[WhiteTeamCountry "HUN"]
[BlackTeamCountry "HUN"]

1. e4 e6 2. d4 d5 3. exd5 Qxd5 4. Nf3 Nf6 5. Be3 Qd8 6. c3 Be7 7. Bd3 c6 8. 0-0 0-0 9. Qc2 g6 10. Nbd2 Ng4 11. Bf4 Bd6 12. Bxd6 Qxd6 13. Ne4 Qe7 14. Qd2 Kg7 15. Qf4 Nf6 16. Ne5 Nxe4 17. Bxe4 Qf6 18. Qe3 h6 19. Ng4 Qg5 20. Qxg5 hxg5 21. Ne5 f5 22. Bc2 Nd7 23. Rfe1 g4 24. Bb3 Kf6 25. Rad1 Rh8 26. Nd3 Nb6 27. Rd2 Nd5 28. Rde2 b6 29. Bxd5 cxd5 30. Nf4 Bd7 31. Nxe6 Bxe6 32. Rxe6+ Kg5 33. Rd6 Rae8 34. Ree6 Rxe6 35. Rxe6 Rd8 36. g3 Rd7 37. Kg2 Kh5 38. h4 gxh3+ 39. Kxh3 g5 40. Re5 g4+ 41. Kg2 Kg5 42. Kf1 Kf6 43. Ke2 Rd6 44. Ke3 b5 45. Kf4 a5 46. Rxf5+ Ke6 47. Re5+ Kf6 48. Kxg4 Kg6 49. Rh5 b4 50. cxb4 axb4 51. Rh8 Ra6 52. Rb8 Rxa2 53. Rxb4 Ra5 54. f4 Ra8 55. Rb6+ Kg7 56. Kf5 Kf7 57. Rb7+ Kg8 58. Ke6 Ra6+ 59. Kxd5 Rg6 60. b4 Rxg3 61. b5 Rf3 62. Ke4 Rf1 63. b6 Rb1 64. d5 Kf8 65. d6 Ke8 66. Rb8+ Kd7 67. b7 Rb4+ 68. Kf3 Rb3+ 69. Kg4 Rb4 70. Kg5 Rb1 71. Kf6 Rb4 72. f5 Rb6 73. Kg7 Rb1 74. Rf8 Rg1+ 75. Kf6 Rd1 76. b8Q Rxd6+ 77. Ke5 Rd5+ 78. Kxd5 1-0